Spain : Selected Issues.

This Selected Issues paper presents a preliminary assessment of recent labor market reforms in Spain, where the 2012 labor market reforms are making a difference. Wage moderation is contributing to a visible recovery in headline employment growth, and the reforms have made the labor market more resi...

Ausführliche Beschreibung

Bibliographische Detailangaben
Körperschaft: International Monetary Fund. European Dept
Format: Zeitschrift
Sprache:English
Veröffentlicht: Washington, D.C. : International Monetary Fund, 2015.
Schriftenreihe:IMF Staff Country Reports; Country Report ; No. 2015/233
Schlagworte:
Online Zugang:Full text available on IMF
LEADER 01675cas a2200253 a 4500
001 AALejournalIMF022034
008 230101c9999 xx r poo 0 0eng d
020 |c 5.00 USD 
020 |z 9781513529059 
022 |a 1934-7685 
040 |a BD-DhAAL  |c BD-DhAAL 
110 2 |a International Monetary Fund.  |b European Dept. 
245 1 0 |a Spain :   |b Selected Issues. 
264 1 |a Washington, D.C. :  |b International Monetary Fund,  |c 2015. 
300 |a 1 online resource (140 pages) 
490 1 |a IMF Staff Country Reports 
500 |a <strong>Off-Campus Access:</strong> No User ID or Password Required 
500 |a <strong>On-Campus Access:</strong> No User ID or Password Required 
506 |a Electronic access restricted to authorized BRAC University faculty, staff and students 
520 3 |a This Selected Issues paper presents a preliminary assessment of recent labor market reforms in Spain, where the 2012 labor market reforms are making a difference. Wage moderation is contributing to a visible recovery in headline employment growth, and the reforms have made the labor market more resilient to shocks. Some evidence exists that the contribution of temporary contracts to employment growth has started to decrease. However, the reliance on temporary workers remains strong overall, and further structural reforms will be required to reduce the still very high level of long-term, structural unemployment. 
538 |a Mode of access: Internet 
651 7 |a Spain  |2 imf 
830 0 |a IMF Staff Country Reports; Country Report ;  |v No. 2015/233 
856 4 0 |z Full text available on IMF  |u http://elibrary.imf.org/view/journals/002/2015/233/002.2015.issue-233-en.xml  |z IMF e-Library